Fuerzas armadas y democracia

Gardado en:
Detalles Bibliográficos
Autor Principal: Rial, Juan
Formato: Texto
Publicado: s.l: s.e.
Etiquetas: Engadir etiqueta
Sen Etiquetas, Sexa o primeiro en etiquetar este rexistro!

MARC

LEADER 00000 a a2200000 04500
001 25083
003
040
090 |a 179200  
100 |a Rial, Juan  
245 |a Fuerzas armadas y democracia  
260 |a s.l:   |b s.e.  
300 |a 55 p   |b **no definido**  
999 |c 16029  |d 16029